| 000 | 00851nam a2200229 i 4500 | ||
|---|---|---|---|
| 001 | 61284 | ||
| 003 | ES-MaACL | ||
| 005 | 20230906164423.0 | ||
| 007 | t| | ||
| 008 | 031111s1977 sp ||||1| spa d | ||
| 100 | 1 |
_aEurípides. _948332 |
|
| 245 | 1 | 0 |
_aTragedias / _cEurípides ; introducción, traducción y notas de Alberto Medina González y Juan López Férez. |
| 260 |
_a[Madrid] : _bGredos, _c[1977] |
||
| 300 |
_a494 p. ; _c20 cm. |
||
| 490 | 1 |
_aBiblioteca clásica Gredos ; _v4 |
|
| 505 | 8 | _aContiene: Introducción general a Eurípides. El cíclope. Alcestis. Medea. Los Heráclidas. Hipólito. Andrómaca. Hécuba | |
| 700 | 1 |
_aMedina González, Alberto. _979739 |
|
| 700 | 1 |
_aLópez Férez, Juan Antonio. _973634 |
|
| 830 | 0 |
_aBiblioteca clásica Gredos ; _v4 _9177556 |
|
| 852 |
_aES-MaACL _jA-7191 _bR.96199 |
||
| 999 |
_c61284 _d61284 |
||